Crofting Consultation 2024 (Record no. 121949)
[ view plain ]
| 000 -LEADER | |
|---|---|
| fixed length control field | 01882nam a22002417a 4500 |
| 008 - FIXED-LENGTH DATA ELEMENTS--GENERAL INFORMATION | |
| fixed length control field | 240606e20240605xxk|||||o||||o00| 0 eng d |
| 041 ## - LANGUAGE CODE | |
| Language code of text/sound track or separate title | eng |
| 245 ## - TITLE STATEMENT | |
| Title | Crofting Consultation 2024 |
| Subtitle | : proposals for Crofting Law Reform |
| Medium | [online publication] |
| 260 ## - PUBLICATION INFORMATION | |
| Publisher | Scottish Ministry of Agriculture and Connectivity |
| Date | June 2024 |
| 520 ## - ABSTRACT | |
| Abstract | A Scottish Government consultation seting out proposals for crofting reform with the purpose to ensure that legislation facilitates and supports the sustainability of crofting, of crofters and crofting communities, and allows crofting to modernise, adapt and innovate. The proposals include: a legislative change so that future assignations of croft tenancies could be to two people in a joint tenancy thereby making crofts more affordable; removing or reducing regulatory barriers that limit the ability of an owner-occupier to grant a standard security over their croft; revised powers for the Crofting Commission to resolve crofting regulatory issues more quickly; and enabling more and different activity to be undertaken on common grazings, including peatland restoration and other environmental initiatives. Comments by 2 September 2024 |
| 650 ## - KEYWORDS | |
| Keywords | CROFTS |
| 650 ## - KEYWORDS | |
| Keywords | CROFTING |
| 650 ## - KEYWORDS | |
| Keywords | CROFTING BILL |
| 650 ## - KEYWORDS | |
| Keywords | LANDLORD AND TENANT |
| 650 ## - KEYWORDS | |
| Keywords | RURAL LAND |
| 650 ## - KEYWORDS | |
| Keywords | SCOTLAND |
| 650 ## - KEYWORDS | |
| Keywords | SMALL LANDHOLDINGS |
| 651 ## - SUBJECT ADDED ENTRY--GEOGRAPHIC NAME | |
| Geographic name | Scotland |
| 690 ## - BROAD SUBJECT | |
| 9 (RLIN) | 6251 |
| Broad subject | Land use |
| 710 2# - ADDED CORPORATE NAME | |
| Added corporate author | Scottish Government |
| 856 ## - ONLINE RESOURCE | |
| Uniform Resource Identifier | <a href="https://www.gov.scot/binaries/content/documents/govscot/publications/consultation-paper/2024/06/crofting-consultation-2024-proposals-crofting-law-reform/documents/crofting-consultation-2024-proposals-crofting-law-reform/crofting-consultation-2024-proposals-crofting-law-reform/govscot%3Adocument/crofting-consultation-2024-proposals-crofting-law-reform.pdf">https://www.gov.scot/binaries/content/documents/govscot/publications/consultation-paper/2024/06/crofting-consultation-2024-proposals-crofting-law-reform/documents/crofting-consultation-2024-proposals-crofting-law-reform/crofting-consultation-2024-proposals-crofting-law-reform/govscot%3Adocument/crofting-consultation-2024-proposals-crofting-law-reform.pdf</a> |
| Public note | Available on gov.scot |
| 942 ## - ADDED ENTRY ELEMENTS (KOHA) | |
| Suppress in OPAC | Do not suppress in OPAC |
| Lost status | Damaged status | Not for loan | Home library | Current library | Shelving location | Date acquired | Total Checkouts | Date last seen | Price effective from | Koha item type |
|---|---|---|---|---|---|---|---|---|---|---|
| Virtual | Virtual | Online | 06/06/2024 | 06/06/2024 | 06/06/2024 | Online material |